00433nam a2200181Ia 4500003000400000005001700004008004100021020001500062040000700077041000800084082002000092100002100112245003700133260003700170300001400207365001300221650001700234OSt20230424104951.0210423s2003 xx 000 0 und d a8180611086 cAL aeng a574.192028 CHAR aCHAWLA (Ranjna). aPractical clinical biochemistry. aNew DelhibJaypee Brothersc2003 ax,308bPB b150cINR aBiochemistry